00000000nam##2200000za#4500
0019.659902
003CaOODSP
00520200328173555
007ta
008150407|1997||||xxc|||||     f|0| 0 fre|d
020 |a0-660-60416-7
040 |aCaOODSP|bfre
041 |aeng
041 |afre
043 |an-cn---
0861 |aM86-30/1997
1101 |aCanada.|bRessources naturelles Canada. |bComité permanent canadien des noms géographiques.
24513|aLa toponymie autochtone du Canada: une bibliographie annotée
250 |aTroisième édition (cumulative).
260 |aOttawa - Ontario : |bRessources naturelles Canada. |c1997.
300 |avi, 200p. ; |c28 cm.
500 |aDonnées de catalogage avant publication (Canada) imprimées dans cette publication. «Le corps principal de la bibliographie est divisé en deux parties, l'une donnant de l'information sur la toponymie canadienne, l'autre sur la toponymie étrangère. Dans les deux cas, les entrées sont numérotées et présentées par ordre alphabétique de noms d'auteur. Lorsqu'un livre ou un article a été écrit par deux ou plusieurs auteurs, chaque nom supplémentaire est cité en entrée, renvoyant au livre ou à l'article approprié. De plus, nous avons créé des index alphabétiques pour a) les lieux géographiques et b) les groupes et les langues autochtones, et nous y avons intégré les numéros d'entrée utilisés dans le corps principal de la bibliographie. Finalement, une liste hiérarchique des lieux géographiques a été ajoutée afin de faciliter la consultation.»--Page iii.
5203 |aLe corps principal de la bibliographie est divisé en deux parties, l'une donnant de l'information sur la toponymie canadienne, l'autre sur la toponymie étrangère. Dans les deux cas, les entrées sont numérotées et présentées par ordre alphabétique de noms d'auteur. Lorsqu'un livre ou un article a été écrit par deux ou plusieurs auteurs, chaque nom supplémentaire est cité en entrée, renvoyant au livre ou à l'article approprié. De plus, nous avons créé des index alphabétiques pour a) les lieux géographiques et b) les groupes et les langues autochtones, et nous y avons intégré les numéros d'entrée utilisés dans le corps principal de la bibliographie. Finalement, une liste hiérarchique des lieux géographiques a été ajoutée afin de faciliter la consultation.--Page iii
563 |aReliure à spirale
590 |a98-15|b1998-04-09
69107|aToponymie|2gcpds
7760#|tAboriginal geographical names of Canada : |w(CaOODSP)9.675271
791 |tAboriginal geographical names of Canada: an annotated bibliography |eeng|w(CaOODSP)9.659901